Vplyv daní z príjmu na fiškálnu politiku

Podstata fiškálnej politiky. Nástroje fiškálnej politiky. Vplyv štátnych výdavkov na agregátny dopyt. Úroveň zdanenia ako nástroj fiškálnej politiky. Vplyv daňových zmien na agregátnu ponuku. Problémy a komplikácie pri presadzovaní princípov fiškálnej politiky do hospodárskeho života. Problém polit...

Descrizione completa

Salvato in:
Dettagli Bibliografici
Autore principale: Tkáčová, Mária
Natura: Capitolo di libro
Lingua:slovacco
Soggetti:
Tags: Aggiungi Tag
Nessun Tag, puoi essere il primo ad aggiungerne!!

MARC

LEADER 00000naa$a2200000$$$4500
001 0005866
005 20220614124334.4
041 0 |a slo 
044 |a SK 
245 1 0 |a Vplyv daní z príjmu na fiškálnu politiku  |c aut. Mária Tkáčová 
520 |a Podstata fiškálnej politiky. Nástroje fiškálnej politiky. Vplyv štátnych výdavkov na agregátny dopyt. Úroveň zdanenia ako nástroj fiškálnej politiky. Vplyv daňových zmien na agregátnu ponuku. Problémy a komplikácie pri presadzovaní princípov fiškálnej politiky do hospodárskeho života. Problém politického cyklu. Vytesňovací efekt. Systém investičných subvencií. Fiškálna politika v otvorenej ekonomike. Reálne pohľady na fiškálnu politiku. 
610 2 0 |a politika fiškálna 
610 2 0 |a výdavky rozpočtu štátneho 
610 2 0 |a dane dôchodkové 
610 2 0 |a subvencie 
610 2 0 |a poistenie v nezamestnanosti 
610 2 0 |a sadzby daňové 
610 2 0 |a výdavky verejné 
610 2 0 |a dopyt agregátny 
610 2 0 |a rozpočet štátny 
610 2 0 |a dane z príjmov 
610 2 0 |a sadzby úrokové 
100 1 |a Tkáčová, Mária